Denkovics József és Lakatos Sándor
Elmentve itt :
| Dokumentumtípus: | Cikk |
|---|---|
| Megjelent: |
1926-12-14
|
| Sorozat: | Délmagyarország
2 No. 288 |
| Kulcsszavak: | Denkovics József, Lakatos Sándor, Gyászjelentés |
| Online Access: | http://dmarchiv.bibl.u-szeged.hu/37828 |
| LEADER | 00443nab a2200145 i 4500 | ||
|---|---|---|---|
| 001 | delm37828 | ||
| 005 | 20180927112923.0 | ||
| 008 | 180927s1926 hu o 0|| hun d | ||
| 040 | |a SZTE Délmagyarország Archívum |b hun | ||
| 041 | |a hun | ||
| 245 | 0 | 0 | |a Denkovics József és Lakatos Sándor |h [elektronikus dokumentum] |
| 260 | |c 1926-12-14 | ||
| 300 | |a 7 | ||
| 490 | 0 | |a Délmagyarország |v 2 No. 288 | |
| 695 | |a Denkovics József, Lakatos Sándor, Gyászjelentés | ||